00444 2200181 4500001002100000005001500021008004100036020001800077035001900095041000700114082000800121090001400129100001900143245002300162260003900185300002400224650001400248INLIS00000000000579320241224113152241224||||||||| | ||| |||| || |  a979-9111-21-8 0010-1224005793 aen0 a658 a658 BIN m0 aBinari Sinurat00aManajemen Keuangan aJakartabBadan Penerbit IPWIc1999 aii, 100 hlm.; 24 cm 0amanajemen